TOUS LES DIABLES ROUGES DEPUIS MARC WILMOTS - Statistiques

Statistiques générales
  • Ce quiz a été pris 57 fois
    41 depuis la dernière actualisation
  • Le résultat moyen est 59 sur 118
Statistiques - réponses
Nombre de sélections Réponse % Correct
107 Courtois
100%
47 | 126 Hazard
100%
8 | 124 Lukaku
100%
78 Meunier
100%
157 Vertonghen
100%
62 Castagne
95%
117 De Bruyne
95%
89 Kompany
95%
136 Witsel
95%
127 Alderweireld
90%
87 Fellaini
90%
109 Mertens
90%
27 Onana
90%
83 Tielemans
90%
41 Doku
86%
13 Sels
86%
55 Batshuayi
81%
45 Benteke
81%
66 Chadli
81%
82 Dembele
81%
2 Lammens
81%
35 Mignolet
81%
32 Origi
81%
25 Debast
76%
28 De Ketelaere
76%
2 Ngoy
76%
50 Trossard
76%
32 Vanaken
76%
14 Casteels
71%
33 Openda
71%
32 Theate
71%
85 Vermaelen
71%
78 Carrasco
67%
17 De Cuyper
67%
29 Lukebakio
67%
11 Raskin
67%
31 Boyata
62%
1 De Cat
62%
52 Defour
62%
28 Faes
62%
5 Fofana
62%
23 Mangala
62%
7 Mechele
62%
30 Nainggolan
62%
4 Seys
62%
35 Denayer
57%
2 Godts
57%
15 Januzaj
57%
60 Mirallas
57%
29 Vanden Borre
57%
7 De Winter
52%
1 Mokio
52%
2 Moreira
52%
22 Saelemaekers
52%
39 Lombaerts
48%
15 Praet
48%
1 Stassin
48%
85 Van Buyten
48%
1 Vermant
48%
6 Vermeeren
48%
18 Bakayoko
43%
1 Bossut
43%
20 Ciman
43%
32 Dendoncker
43%
1 Depoitre
43%
9 | 22 Gillet
43%
/ Penders
43%
13 Pocognoli
43%
2 Kabasele
38%
1 Kaminski
38%
1 Lavia
38%
1 Sardella
38%
94 Simons
38%
1 Vanhoutte
38%
1 Vanzeir
38%
2 Bakkali
33%
/ Bodart
33%
13 Proto
33%
6 Al-Dakhil
29%
2 Duranville
29%
/ | 4 Engels
29%
1 Keita
29%
1 Raman
29%
7 Verschaeren
29%
1 Bassette
24%
4 Bornauw
24%
10 Foket
24%
/ Kums
24%
/ Cavanda
19%
1 Cobbaut
19%
9 de Camargo
19%
1 Delcroix
19%
3 Deman
19%
1 Heynen
19%
/ Lestienne
19%
1 Limbombe
19%
/ Spileers
19%
1 van der Heyden
19%
9 Vranckx
19%
/ Amuzu
14%
/ Dimata
14%
1 Odoi
14%
3 Siquet
14%
1 Smets
14%
/ Vandervoordt
14%
1 Vanheusden
14%
/ De Ceulaer
10%
/ Van Combrugge
10%
35 Buffel
5%
/ Coucke
5%
/ De Bock
5%
2 Mboyo
5%
/ Renard
5%
2 Sambi Lonkonga
0%
Aucun quiz correspondant
Distribution des résultats
% des personnes avec chaque résultat
Percentile par nombre de réponses
Votre historique - résultats
Vous n’avez pas pris ce quiz depuis la dernière actualisation